| 000 | 02045 a2200253 4500 | ||
|---|---|---|---|
| 001 | 119786 | ||
| 020 | _a9788501089656 | ||
| 040 | _cEscola Canadense de Niteroi | ||
| 090 | _aKAT | ||
| 100 | _aKate, Lauren | ||
| 245 | 1 | 0 | _aÊxtase |
| 250 | _a1.ed. | ||
| 260 | _aRio de Janeiro | ||
| 300 |
_a346 p. _bil. _c6 x 15 x 2.6 cm (brochura) |
||
| 362 | 0 | _a2012 | |
| 490 | 0 | _aFallen | |
| 520 | _aHá seis milênios, o anjo Daniel Grigori e a mortal Lucinda Price se reencontram. Vida após vida, existência após existéncia, numa corrida contra o tempo e o destino para quebrar uma maldição esquecida. E poderem, finalmente, ficar juntos. À sua maneira, cada um carrega um peso quase insuportável no coração. Daniel, o anjo imortal, deve assistir à morte da amada, a cada encarnação, sem poder revelar-lhe os segredos que a libertariam de um destino de dor e a conduziriam à lua e ao calor de seu amor. Para sempre. Lucinda é assombrada puniembranças desconexas, medos irracionais e uma inabalável certeza: Daniel é o prêmio. Por ele, tudo, tudo vale a pena. Mas o caminho do verdadeiro amor não é feito de flores. E, mesmo com a ajuda de asas, não pode ser percorrido corn rapidez insensata. E nem pode apagar o passado... ou um relacionamento equivocado. Depois de visitar todas as antigas ""Luces"" ― do Egito dos faraós até a China imemorial, passando pela Itália e América primitiva ―, ela agora está mais peno do que nunca de seu objetivo. Em nenhuma de suas outras vidas aprendeu tanto. Agora ela é forte. Precisa ser. Agora, ela e Daniel chegam ao final de sua provação. Lucinda precisa recordar quem foi e o que realmente é pra poder lutar sua última batalha. É sua última chance. Será que ela vai conseguir? Será que Luce e Daniel finalmente ficarão juntos? Êxtase termina a saga de Fallen. | ||
| 650 | 4 | _aMistério, Suspense ou Terror | |
| 650 | 4 | _aMitologia | |
| 650 | 4 | _aRomance | |
| 650 | 4 | _aSeres sobrenaturais | |
| 650 | 4 | _aLiteratura para Jovem Adulto | |
| 942 | _cBK | ||
| 999 |
_c119786 _d119786 |
||